Vyjmenovaná slova po L - Statistics

General Stats
  • This quiz has been taken 78 times
  • The average score is 10 of 13
Answer Stats
Slova % Correct
lýko
84%
polykat
84%
blýskat se
81%
slyšet
81%
mlýn
80%
pelyněk
80%
plynout
80%
lyže
78%
plyš
78%
plýtvat
70%
vzlykat
70%
lysý
65%
lýtko
62%
No matching quizzes found
Score Distribution
Percent of People with Each Score
Percentile by Number Answered
Your Score History
You have not taken this quiz